| 000 | 00488nam a22001697a 4500 | ||
|---|---|---|---|
| 005 | 20251108165238.0 | ||
| 008 | 250721s1996 xx 000 0 ara d | ||
| 082 | 1 | 4 | _a551.439/موم |
| 100 | 1 | _aالمومني، لطفي راشد المفلح | |
| 245 | 1 | 0 | _aالإستشعار عن بعد في الهيدرولوجي ... / |
| 264 | 1 |
_aعمان : _c1996. |
|
| 300 | _a325ص. | ||
| 650 | 1 | 7 | _aالماء |
| 650 | 1 | 7 | _aالمياه الجوفية |
| 942 |
_2ddc _cBK |
||
| 999 |
_c23131 _d23131 |
||